[Event "Challenge2"]
[Site "http://www.queenalice.com/game.php?id=1179619"]
[Date "2013.5.8"]
[Round "-"]
[White "huffao"]
[Black "Limongi"]
[Result "0-1"]
[WhiteElo "1261"]
[BlackElo "1628"]

1. d3 e5 2. Qd2 d5 3. Nf3 Nc6 4. h4 Bg4 5. Ng5 Nf6 6. e4 d4 7. b3 Bb4 8. c3 dxc3
9. Qe3 c2+ 10. Nd2 Bc3 11. Qc5 Bxa1 12. Qxc2 Nd4 13. Qc4 O-O 14. Ndf3 Bxf3 15.
gxf3 b5 16. Qc5 h6 17. Nh3 Nxf3+ 18. Ke2 Nxh4 19. Ba3 Re8 20. Qxb5 a6 21. Qc5
Bd4 22. Qc4 Ng4 23. f3 Nf2 24. Rg1 Nxh3 25. Bxh3 Bxg1 26. Kf1 Nxf3 27. Bg4 Nd2+
28. Kxg1 Qh4 29. Bd7 Qg5+ 30. Kf2 Nxe4+ 31. Qxe4 Red8 32. Bc6 Qd2+ 33. Kf3 Rxd3+
34. Kg4 Rd4 35. Bxa8 Rxe4+ 36. Bxe4 Qxa2 37. Be7 Qxb3 38. Kf5 Qe6# 0-1

[Event "Challenge2"]
[Site "http://www.queenalice.com/game.php?id=1192014"]
[Date "2013.6.18"]
[Round "-"]
[White "huffao"]
[Black "TomasBlack"]
[Result "0-1"]
[WhiteElo "1261"]
[BlackElo "1663"]

1. a4 d5 2. b3 g6 3. Ba3 Nf6 4. Nf3 Bg7 5. h4 Nh5 6. Nc3 d4 7. Ne4 d3 8. cxd3
Bxa1 9. Qxa1 f6 10. g4 Bxg4 11. Nh2 Qd7 12. Nc5 Qc6 13. Rg1 Be6 14. Ng4 O-O 15.
Bg2 Bd5 16. Nh6+ Kg7 17. Ng4 Nd7 18. Nxd7 Qxd7 19. Ne3 Bxb3 20. Bf3 Bxa4 21. Ng4
Bc6 22. Ne3 Rad8 23. d4 Bxf3 24. exf3 Qa4 25. Qb1 g5 26. hxg5 f5 27. Qxb7 Qxa3
28. Qxc7 Rxd4 29. Qe5+ Kf7 30. Qxd4 Qc1+ 31. Nd1 Qc6 32. Qd3 Qe6+ 33. Ne3 Nf4
34. Qd4 Nh3 35. Rg3 f4 36. Rxh3 Qxh3 37. Qxf4+ Kg8 38. Qc7 Rc8 39. Qxe7 Rc1+ 40.
Ke2 Qh1 41. Qe6+ Kf8 42. Nd5 Qe1+ 43. Kd3 Qxe6 44. Ne3 Qb3+ 45. Ke4 Qb2 46. f4
Qxd2 47. Nd5 Qxf2 48. Nf6 Re1+ 49. Kf5 Rf1 50. Nxh7+ Kg7 51. g6 Qxf4+ 52. Ke6
Re1+ 53. Kd7 Qd4+ 54. Kc6 Rc1+ 55. Kb7 Qb4+ 56. Ka8 Kxg6 57. Nf8+ Qxf8+ 58. Kxa7
Qb4 59. Ka6 Ra1# 0-1

[Event "Challenge"]
[Site "http://www.queenalice.com/game.php?id=1199425"]
[Date "2013.7.13"]
[Round "-"]
[White "alessandrop"]
[Black "huffao"]
[Result "1-0"]
[WhiteElo "1207"]
[BlackElo "1257"]

1. Nf3 g6 2. b4 Nc6 3. c3 d5 4. Na3 Qd6 5. Nb5 Qe6 6. Nxc7+ Kd8 7. Nxa8 Nf6 8.
Ng5 Qe5 9. Nxf7+ Ke8 10. Nxh8 h5 11. Nxg6 Qb8 12. e4 Qxa8 13. b5 Na5 14. Qa4 Nc4
15. Bxc4 dxc4 16. b6+ Kd8 17. bxa7 Bh6 18. Qxc4 Qxa7 19. Qd4+ Qxd4 20. cxd4 Nxe4
21. Ne5 b5 22. Nf7+ Ke8 23. Nxh6 b4 24. Rb1 Ba6 25. Rxb4 h4 26. Rb8+ Kd7 27. d3
Bxd3 28. Rb6 Nc3 29. Ng4 Ne2 30. Ne5+ Kc7 31. Rb3 Nxc1 32. Rc3+ Kb6 33. Rxc1 e6
34. Nxd3 Kb5 35. Rb1+ Kc4 36. Ke2 Kd5 37. Rhc1 Kd6 38. Rc5 Ke7 39. d5 Kf6 40.
dxe6 Kxe6 41. Rb6+ Kd7 42. Ne5+ Ke7 43. Rc7+ Kd8 44. Rh7 Kc8 45. Rg6 Kd8 46.
Rg8# 1-0

[Event "New Challenge"]
[Site "http://www.queenalice.com/game.php?id=1218158"]
[Date "2013.9.19"]
[Round "-"]
[White "TomasBlack"]
[Black "huffao"]
[Result "1-0"]
[WhiteElo "1729"]
[BlackElo "1200"]

1. d4 d5 2. f4 a5 3. Qd3 Qd7 4. h3 Nf6 5. Nf3 Qf5 6. Qxf5 Bxf5 7. Nc3 e6 8. Nb5
Ra6 9. Nxc7+ Kd8 10. Nxa6 Nxa6 11. Bd2 Ne4 12. Bxa5+ Kc8 13. g3 Bb4+ 14. Bxb4
Nxb4 15. Rc1 Nxg3 16. Rg1 Nh5 17. a3 Na2 18. Ra1 Nxf4 19. Rxa2 h5 20. Rxg7 b5
21. c3 Nxh3 22. a4 Be4 23. axb5 Nf4 24. Rxf7 Ng6 25. Ra8# 1-0

[Event "Challenge"]
[Site "http://www.queenalice.com/game.php?id=1218470"]
[Date "2013.9.20"]
[Round "-"]
[White "huffao"]
[Black "alessandrop"]
[Result "0-1"]
[WhiteElo "1200"]
[BlackElo "1226"]

1. b3 Nc6 2. Ba3 Nf6 3. d3 e5 4. Nf3 Bxa3 5. Nxa3 d6 6. h4 h6 7. g4 Nxg4 8. Rg1
Nd4 9. Nxd4 exd4 10. f3 Ne3 11. Qd2 Qxh4+ 12. Rg3 Qxg3# 0-1

[Event "One more Challenge"]
[Site "http://www.queenalice.com/game.php?id=1237792"]
[Date "2013.12.5"]
[Round "-"]
[White "TomasBlack"]
[Black "huffao"]
[Result "1-0"]
[WhiteElo "1729"]
[BlackElo "1163"]

1. e4 Nf6 2. Bc4 h5 3. d3 e5 4. Qf3 a5 5. Bg5 b6 6. Nh3 Nc6 7. c3 d6 8. O-O Bg4
9. Qg3 Qc8 10. Qh4 a4 11. Bxf6 gxf6 12. Qxf6 Rg8 13. Qxf7+ Kd8 14. Qxg8 Be2 15.
Qxf8+ Kd7 16. Qf7+ Ne7 17. Be6+ Kc6 18. Bxc8 Nxc8 19. Qe8+ Kc5 20. d4+ exd4 21.
cxd4+ Kxd4 22. Qh8+ Kxe4 23. Nc3+ Kf5 24. Nxe2 Ke6 25. Nef4+ Kf7 26. Ng5+ Ke7
27. Rfe1+ Kd7 28. Rac1 c5 29. Qh7+ Kc6 30. Qe4+ Kc7 31. Nd5+ Kd7 32. Qe7+ Kc6
33. Qc7+ Kxd5 34. Rcd1+ Kc4 35. b3+ Kb5 36. Qxd6 Nxd6 37. Rxd6 c4 38. Re5+ Kb4
39. Rxb6+ Ka3 40. Re2 axb3 41. axb3 c3 42. Ne4 h4 43. Nxc3 Ra6 44. Ra2# 1-0

[Event "Challenge"]
[Site "http://www.queenalice.com/game.php?id=1241121"]
[Date "2013.12.18"]
[Round "-"]
[White "alessandrop"]
[Black "huffao"]
[Result "0-1"]
[WhiteElo "1255"]
[BlackElo "1163"]

1. e4 Nf6 2. f3 g6 3. c4 c6 4. b4 Na6 5. a3 d6 6. c5 dxc5 7. e5 Nh5 8. g4 Nf4 9.
d4 h5 10. Bxf4 cxb4 11. e6 fxe6 12. Nh3 Bg7 13. Ng5 e5 14. dxe5 Nc5 15. Ne6 Nxe6
16. Qd2 a5 17. Qc2 Nxf4 18. Nd2 a4 19. Nc4 Be6 20. Rd1 Bd5 21. Nb6 Ra5 22. Nxd5
Nxd5 23. Qxg6+ Kf8 24. Qxh5 Rxh5 25. gxh5 c5 26. axb4 cxb4 27. Bc4 Bxe5 28. Rxd5
Rxd5 29. Bxd5 Qxd5 30. Rf1 b3 31. Kf2 Qe6 32. f4 Bxf4 33. Kg2 Qe5 34. Kh3 Qg5
35. Rf3 e5 36. Rc3 Qg1 37. Rc8+ Kf7 38. Kh4 Kf6 39. Rf8+ Ke7 40. Rf5 Qxh2+ 0-1

[Event "saco-de-pulgas"]
[Site "http://www.queenalice.com/game.php?id=1260622"]
[Date "2014.2.28"]
[Round "-"]
[White "amgoncal"]
[Black "huffao"]
[Result "0-1"]
[WhiteElo "1130"]
[BlackElo "1204"]

1. d4 d5 2. Qd3 Nf6 3. Bg5 g6 4. Nf3 Bf5 5. Qb5+ c6 6. Qxb7 Na6 7. Qxa6 Qc7 8.
Bxf6 exf6 9. Nc3 Bh6 10. Nb5 Qb8 11. Nd6+ Kd7 12. Nxf7 Re8 13. Nxh6 Qxb2 14. Rd1
Rab8 15. Qxa7+ Kd6 16. Qxh7 Qxc2 17. Rd2 Qc1+ 18. Rd1 Qc3+ 19. Rd2 Rb1# 0-1

[Event "Challenge"]
[Site "http://www.queenalice.com/game.php?id=1269704"]
[Date "2014.4.1"]
[Round "-"]
[White "amgoncal"]
[Black "huffao"]
[Result "1-0"]
[WhiteElo "1093"]
[BlackElo "1229"]

1. e4 d6 2. d4 h5 3. Bc4 Bg4 4. Qd3 Qd7 5. Qe3 Qa4 6. Bd3 g6 7. b3 Qb4+ 8. c3
Qb6 9. Qg3 Bh6 10. Ba3 Nf6 11. h3 Be6 12. d5 Nxd5 13. exd5 Bxd5 14. f4 e5 15.
Ne2 exf4 16. Nxf4 Qc6 17. c4 Be4 18. Nc3 Bxg2 19. Nxg2 O-O 20. Nd5 Re8+ 21. Kf2
Qd7 22. Nf6+ Kg7 23. Nxd7 Nxd7 24. Bb2+ f6 25. Bxg6 Re6 26. Bxh5+ Kf8 27. Qg6
Re7 28. Qxh6+ Rg7 29. Qxf6+ Kg8 30. Qxg7# 1-0

[Event "saco-de-pulgas"]
[Site "http://www.queenalice.com/game.php?id=1274923"]
[Date "2014.4.21"]
[Round "-"]
[White "amgoncal"]
[Black "huffao"]
[Result "0-1"]
[WhiteElo "972"]
[BlackElo "1191"]

1. d4 d5 2. f4 c6 3. b4 a5 4. bxa5 Qxa5+ 5. c3 b5 6. Nf3 b4 7. Qd3 bxc3 8. Ne5
c2+ 9. Nc3 Na6 10. Nxc6 Qb6 11. Qb5 Qc7 12. Nxd5 Qd6 13. Nb6 Rb8 14. Nxc8 Qh6
15. Qxa6 Qh4+ 16. g3 Qg4 17. Qa7 Rxc8 18. Kd2 h5 19. h3 Qf5 20. a4 h4 21. g4
Qxf4+ 22. Kxc2 Rh6 23. Bxf4 Rhxc6+ 24. Kd3 Rc3+ 25. Ke4 Nf6+ 26. Kf5 e6+ 27. Ke5
Rd8 28. d5 Rxd5# 0-1

[Event "Challenge"]
[Site "http://www.queenalice.com/game.php?id=1279974"]
[Date "2014.5.8"]
[Round "-"]
[White "alessandrop"]
[Black "huffao"]
[Result "1-0"]
[WhiteElo "1185"]
[BlackElo "1215"]

1. Nf3 d5 2. d4 Qd6 3. g3 Qb4+ 4. c3 Qc4 5. e4 Qc6 6. Na3 dxe4 7. Bb5 exf3 8.
Bxc6+ Nxc6 9. Qxf3 Nf6 10. O-O Bg4 11. Qf4 Bh3 12. Qxc7 Nd5 13. Qxb7 Rd8 14.
Qxc6+ Bd7 15. Qxd5 e6 16. Re1 Be7 17. Qb7 O-O 18. Qe4 f5 19. Qf4 Bc6 20. Rxe6
Bd6 21. Rxd6 Rc8 22. Qxf5 Rxf5 23. g4 Rf3 24. Bg5 h6 25. Be7 Re8 26. Rd8 Kf7 27.
Re1 Rxe7 28. Rxe7+ Kxe7 29. Rg8 Bd5 30. Rxg7+ Kf6 31. Rxa7 Kg5 32. Rd7 Be6 33.
Rg7+ Kf6 34. Ra7 Bxg4 35. d5 Kg5 36. d6 Rf8 37. c4 h5 38. c5 Rc8 39. d7 Rd8 40.
c6 Rf8 41. Kg2 Kf4 42. b4 Bf3+ 43. Kh3 Bxc6 44. b5 Bd5 45. Ra6 Kf3 46. Rd6 Be4
47. d8=Q Rxd8 48. Rxd8 Kxf2 49. b6 Kf3 50. Rd7 Kf4 51. b7 Bf5+ 52. Kh4 Bg6 53.
b8=Q+ Kf3 54. Qf8+ Kg2 55. Rd2+ Kg1 56. Qc5+ Kh1 57. Qc1# 1-0

[Event "CAO SARNENTO"]
[Site "http://www.queenalice.com/game.php?id=1280599"]
[Date "2014.5.10"]
[Round "-"]
[White "amgoncal"]
[Black "huffao"]
[Result "0-1"]
[WhiteElo "1117"]
[BlackElo "1196"]

1. e4 d5 2. exd5 Qxd5 3. Nc3 Qe5+ 4. Nce2 Nf6 5. d4 Qe4 6. f3 Qh4+ 7. g3 Qh5 8.
g4 Nxg4 9. fxg4 Bxg4 10. Bf4 Bxe2 11. Bxe2 Qh4+ 12. Bg3 Qe4 13. Nf3 e5 14. Qd3
Bb4+ 15. c3 Qd5 16. cxb4 Nc6 17. Qc3 exd4 18. Qc5 O-O-O 19. O-O Rhe8 20. Qxa7
Nxa7 21. a4 Rxe2 22. Rac1 Qe4 23. Nh4 Qe3+ 24. Rf2 Qxc1+ 25. Kg2 Qe1 26. b5 Rde8
27. Nf3 Qd1 28. a5 R8e6 29. Ng1 Rxb2 30. Rxb2 Re4 31. b6 cxb6 32. axb6 Nc6 33.
Ra2 Re3 34. Ra7 Nxa7 35. bxa7 Qa1 36. Bb8 Qa2+ 37. Kh1 d3 38. a8=N Qxa8 39. Bf4
Re4 40. Nh3 Qa2 41. Bg3 Re2 42. Nf2 d2 43. h4 Qa3 44. Kh2 Re3 45. Bf4 Rf3 46.
Bg3 Rxg3 47. h5 Qf3 48. Nh1 Rg2# 0-1

[Event "Yet another challenge"]
[Site "http://www.queenalice.com/game.php?id=1302765"]
[Date "2014.8.20"]
[Round "-"]
[White "huffao"]
[Black "alessandrop"]
[Result "0-1"]
[WhiteElo "1209"]
[BlackElo "1184"]

1. d3 Nc6 2. g3 Nf6 3. h4 h5 4. a4 b6 5. b3 Nb4 6. e4 e5 7. Be3 Ng4 8. Bg5 f6 9.
Bd2 Bc5 10. Nh3 d5 11. exd5 Qxd5 12. Rg1 Nxf2 13. Nxf2 Bxf2+ 14. Kxf2 Bg4 15.
Qc1 Qf3+ 16. Ke1 O-O-O 17. Bxb4 e4 18. Qd1 Qe3+ 19. Be2 exd3 20. Qd2 Qxe2+ 21.
Qxe2 dxe2 22. Nc3 Rd4 23. Kf2 Rxb4 24. Nxe2 Re8 25. Rge1 Rbe4 26. Rad1 Rxe2+ 27.
Rxe2 Rxe2+ 28. Kf1 Rxc2 29. Re1 Bh3+ 30. Kg1 Rg2+ 31. Kh1 g5 32. Re3 Rb2 33. g4
hxg4 34. b4 f5 35. hxg5 f4 36. Re4 f3 37. Re6 g3 38. Rf6 Rb1# 0-1

[Event "Challenge"]
[Site "http://www.queenalice.com/game.php?id=1303087"]
[Date "2014.8.21"]
[Round "-"]
[White "amgoncal"]
[Black "huffao"]
[Result "0-1"]
[WhiteElo "1124"]
[BlackElo "1191"]

1. d4 d5 2. f4 a5 3. Nc3 b6 4. Nf3 g6 5. e4 dxe4 6. Nxe4 Qd5 7. Qd3 Ba6 8. c4
Qc6 9. d5 Qxc4 10. Qxc4 Bxc4 11. b3 Bxd5 12. Neg5 e6 13. Ne5 f6 14. Ngf7 fxe5
15. Nxh8 exf4 16. Bxf4 Bg7 17. Bb5+ c6 18. Bxb8 Bxa1 19. Ba7 Rxa7 20. Bd3 Bxh8
21. O-O Bd4+ 22. Kh1 a4 23. Rf4 axb3 24. a3 Rxa3 25. h4 b2 26. Bb1 Nh6 27. Rxd4
Ra1 28. Rd1 Ng4 29. Bc2 Ra3 30. h5 Ne3 31. Rb1 Nxc2 32. Rxb2 Ne3 33. Rxb6 g5 34.
Rb8+ Kd7 35. Rb7+ Kc8 36. Rxh7 g4 37. Kh2 Nf1+ 38. Kh1 g3 39. Rh8+ Kd7 40. Rh7+
Kd6 41. Rf7 Ra1 42. Kg1 Ne3+ 0-1

[Event "fucinho marom"]
[Site "http://www.queenalice.com/game.php?id=1321278"]
[Date "2014.11.9"]
[Round "-"]
[White "amgoncal"]
[Black "huffao"]
[Result "1-0"]
[WhiteElo "1225"]
[BlackElo "1188"]

1. d4 d5 2. Nc3 b6 3. e4 c6 4. e5 c5 5. Nf3 cxd4 6. Qxd4 e6 7. Nb5 Nh6 8. c4 Nf5
9. Qc3 Bc5 10. Bg5 f6 11. exf6 gxf6 12. Bxf6 Qd7 13. Ne5 Qf7 14. Nxf7 Rf8 15.
Nfd6+ Kd7 16. b4 Bxd6 17. c5 Bf4 18. c6+ Nxc6 19. Bd3 Nd6 20. g3 Bh6 21. O-O a6
22. Nd4 Rxf6 23. Nxc6 Rf3 24. Ne5+ Kd8 25. Nxf3 Ne4 26. Qh8+ Kc7 27. Qxh7+ Bd7
28. Rac1+ Bxc1 29. Rxc1+ Kd8 30. Qg8+ Be8 31. Qxe6 a5 32. Qxd5+ Ke7 33. Rc7+ Kf6
34. Bxe4 Rd8 35. Qxd8+ Ke6 36. Qe7# 1-0

[Event "Challenge"]
[Site "http://www.queenalice.com/game.php?id=1321737"]
[Date "2014.11.12"]
[Round "-"]
[White "alessandrop"]
[Black "huffao"]
[Result "1-0"]
[WhiteElo "1223"]
[BlackElo "1170"]

1. Nf3 d5 2. d4 b6 3. Nc3 g5 4. Nxg5 e6 5. Qd3 Nc6 6. Nxh7 Bh6 7. Bxh6 Nxh6 8.
Nf6+ Qxf6 9. Qb5 Qxd4 10. Qxc6+ Kd8 11. Qxa8 e5 12. e3 Qb4 13. Qxd5+ Bd7 14. Rd1
Ke8 15. Qxd7+ Kf8 16. Qxc7 Qxb2 17. Qxe5 Rg8 18. Rd8# 1-0

[Event "hug for Mel Freitas"]
[Site "http://www.queenalice.com/game.php?id=1324861"]
[Date "2014.11.28"]
[Round "-"]
[White "huffao"]
[Black "amgoncal"]
[Result "1-0"]
[WhiteElo "1155"]
[BlackElo "1400"]

1. g3 e5 2. d3 d5 3. h4 f6 4. f4 Nc6 5. e4 Nd4 6. exd5 Qxd5 7. Rh2 e4 8. Nc3 Bb4
9. dxe4 Qxe4+ 10. Ne2 Nf3+ 11. Kf2 Bc5+ 12. Kg2 Ng5+ 13. Nxe4 Nxe4 14. Nc3 Nf2
15. Qd5 b6 16. Qxa8 Ne7 17. Bd2 O-O 18. Bc4+ Kh8 19. Re1 Ng4 20. Rhh1 Nf5 21.
Re4 Be3 22. Nb1 g5 23. Qc6 gxh4 24. Qxc7 Nf2 25. Re7 hxg3 26. Rexh7# 1-0

[Event "K13"]
[Site "http://www.queenalice.com/game.php?id=1336522"]
[Date "2015.1.23"]
[Round "-"]
[White "amgoncal"]
[Black "huffao"]
[Result "1-0"]
[WhiteElo "1340"]
[BlackElo "1183"]

1. e4 d6 2. d4 Nh6 3. Bxh6 gxh6 4. d5 h5 5. Qxh5 a5 6. Bb5+ c6 7. dxc6 bxc6 8.
Ba4 Qb6 9. e5 Qb4+ 10. Nc3 Qxb2 11. Nd5 Ra6 12. Nc7+ Kd8 13. Nxa6 Nxa6 14. Rd1
Qc3+ 15. Rd2 Nc7 16. Qxf7 Nd5 17. Ne2 Qb2 18. c4 Qxe5 19. Bxc6 Nf6 20. c5 Bh6
21. Rd4 Bg4 22. f3 Bh5 23. Qb3 Rg8 24. Qb8# 1-0

[Event "Challenge"]
[Site "http://www.queenalice.com/game.php?id=1492875"]
[Date "2017.9.3"]
[Round "-"]
[White "TomasBlack"]
[Black "huffao"]
[Result "1-0"]
[WhiteElo "2366"]
[BlackElo "1191"]

1. d4 Nc6 2. d5 Na5 3. e3 Nc4 4. Bxc4 b5 5. Bb3 Nf6 6. Nf3 c6 7. Nc3 cxd5 8.
Nxd5 Qa5+ 9. c3 Bb7 10. Nxf6+ gxf6 11. O-O h5 12. Re1 h4 13. Nd4 h3 14. a4 hxg2
15. Nxb5 a6 16. Nd4 Qe5 17. f4 Qh5 18. Qxh5 Rxh5 19. Bd1 Rh4 20. Bf3 Rb8 21.
Kxg2 e5 22. Nf5 Rh7 23. b4 d5 24. e4 dxe4 25. Bxe4 a5 26. Nd6+ Bxd6 27. Be3
Bxe4+ 28. Kg1 Rc8 29. fxe5 Bxe5 30. Bf4 Bxf4 31. Rxe4+ Kd7 32. Rxf4 axb4 33.
cxb4 Rc2 34. Rd1+ Kc6 35. Rxf6+ Kc7 36. b5 Rh8 37. Rxf7+ Kb6 38. Rd6+ Kc5 39.
Rc6+ Kb4 40. Rxc2 Kxa4 41. b6 Rb8 42. b7 Kb3 43. Rc8 Rxb7 44. Rxb7+ Ka3 45. Ra8#
1-0

[Event "Challenge"]
[Site "http://www.queenalice.com/game.php?id=1492939"]
[Date "2017.9.4"]
[Round "-"]
[White "taijutsu"]
[Black "huffao"]
[Result "0-1"]
[WhiteElo "1229"]
[BlackElo "1173"]

1. d4 d5 2. e3 h5 3. Qf3 Bg4 4. Qg3 Qd7 5. b4 Na6 6. h3 Bf5 7. Nc3 c5 8. Nb5 Nf6
9. dxc5 Ne4 10. Qh2 d4 11. exd4 g6 12. Bb2 Bh6 13. Nf3 Nxb4 14. Rc1 Nxa2 15. Ra1
Nb4 16. d5 Nxc2+ 17. Kd1 Nxf2+ 18. Ke2 Be3 19. Rc1 Bd3# 0-1

[Event "Challenge"]
[Site "http://www.queenalice.com/game.php?id=1500737"]
[Date "2017.10.28"]
[Round "-"]
[White "taijutsu"]
[Black "huffao"]
[Result "0-1"]
[WhiteElo "1371"]
[BlackElo "1189"]

1. h4 d5 2. g3 c5 3. Bh3 e5 4. Nf3 e4 5. Nh2 Bxh3 6. f3 Nf6 7. g4 c4 8. c3 Bc5
9. Qa4+ Qd7 10. Qa5 b6 11. Qa3 Bxa3 12. Nxa3 Na6 13. fxe4 Qe7 14. Nb5 O-O-O 15.
Nxa7+ Kb8 16. Nc6+ Kc8 17. Nxe7+ Kd7 18. Nf5 Rhe8 19. Nf3 Bg2 20. Rg1 Bh3 21.
Rg3 Bxg4 22. Nh2 Rxe4 23. Nxg7 Nc7 24. a4 Nce8 25. d3 cxd3 26. Rxd3 Nxg7 27. c4
Rde8 28. cxd5 Rxe2+ 29. Kf1 Rxh2 30. Bf4 Ree2 31. Bxh2 Rxh2 32. d6 Be2+ 33. Kg1
Rxh4 34. Re3 Bc4 35. Rd1 Nf5 36. Re5 Rf4 37. b4 Ng4 38. a5 bxa5 39. bxa5 Nxe5
40. Ra1 Nxd6 41. a6 Nf3+ 42. Kf2 h5 43. a7 Bd5 44. Ke3 Rf5 45. a8=Q Bxa8 46.
Rxa8 h4 47. Rh8 Nc4+ 48. Ke4 Rf6 49. Rxh4 Nxh4 50. Kd5 Rc6 51. Ke4 f5+ 52. Kf4
Rc5 53. Kg3 Ng6 54. Kf3 Nce5+ 55. Ke3 Rc4 56. Kd2 f4 57. Ke2 Rc3 58. Kf2 Ng4+
59. Ke2 N6e5 60. Kd2 Rd3+ 61. Ke2 f3+ 62. Ke1 Nc4 63. Kf1 Rd2 64. Ke1 f2+ 65.
Kf1 Nge3# 0-1

[Event "Challenge"]
[Site "http://www.queenalice.com/game.php?id=1510552"]
[Date "2018.1.4"]
[Round "-"]
[White "taijutsu"]
[Black "huffao"]
[Result "0-1"]
[WhiteElo "1348"]
[BlackElo "1212"]

1. e4 d5 2. d3 Na6 3. Nc3 Nh6 4. Nxd5 Bg4 5. f3 Be6 6. c4 f5 7. f4 fxe4 8. dxe4
Bg4 9. Be2 c6 10. Qa4 Nc5 11. Qb4 e6 12. Be3 Nxe4 13. Qxb7 cxd5 14. O-O-O Nf2
15. Bxf2 e5 16. cxd5 Bc8 17. Qxa8 Qc7+ 18. Qc6+ Kd8 19. d6 Qxc6+ 20. Kb1 Qxg2
21. d7 Bxd7 22. Bf3 Qxf2 23. h4 Nf5 24. fxe5 Nxh4 25. Rh3 Be7 26. Bd5 Bf5+ 27.
Kc1 Kd7 28. Rc3 Bg5+ 29. Rd2 Qxd2# 0-1